| 000 | 00583 a2200169 4500 | ||
|---|---|---|---|
| 020 | _a1846286212 | ||
| 020 | _a9781846286216 | ||
| 082 | _a003.3 | ||
| 090 |
_c1205 _d1205 |
||
| 100 | 1 | _aBirta, Louis G. | |
| 245 | 1 | 0 |
_aModelling and simulation : _bexploring dynamic system behaviour / _cLouis G. Birta, Gilbert Arbez. |
| 260 |
_a[S.l.] : _bSpringer, _c2007. |
||
| 300 |
_a471 p. ; _c24 cm. |
||
| 700 | 1 | _aArbez, Gilbert. | |
| 942 |
_aSNS _cBK _k003.3 BIR |
||
| 999 |
_c29818 _d29818 |
||